LEADER 03401nam 2200745Ia 450 001 9910821146203321 005 20200520144314.0 010 $a9786612708107 010 $a9781282708105 010 $a1282708104 010 $a9781118031780 010 $a1118031784 010 $a9781613441718 010 $a1613441711 010 $a9780470893241 010 $a0470893249 010 $a9780470893227 010 $a0470893222 035 $a(CKB)2670000000035410 035 $a(EBL)565084 035 $a(SSID)ssj0000419215 035 $a(PQKBManifestationID)11299204 035 $a(PQKBTitleCode)TC0000419215 035 $a(PQKBWorkID)10381444 035 $a(PQKB)10006234 035 $a(MiAaPQ)EBC565084 035 $a(WaSeSS)IndRDA00116582 035 $a(OCoLC)654787179 035 $a(CaSebORM)9781118031780 035 $a(OCoLC)840106466 035 $a(OCoLC)ocn840106466 035 $a(Perlego)1010185 035 $a(EXLCZ)992670000000035410 100 $a20091205d2010 uy 0 101 0 $aeng 135 $aur|n|---||||| 181 $ctxt 182 $cc 183 $acr 200 00$aHandbook of International electrical safety practices /$fPrinceton Energy Resorces International 205 $a1st edition 210 $aHoboken, NJ $cWiley ;$aSalem, MA $cScrivener$dc2010 215 $a1 online resource (762 p.) 225 1 $aWiley-Scrivener ;$vv.17 300 $aDescription based upon print version of record. 311 08$a9780470625897 311 08$a0470625899 320 $aIncludes bibliographical references, glossary and index. 327 $aHandbook of International Electrical Safety Practices; Contents; Acknowledgement; List of contributors; Glossary of abbreviations; Preface; Chapter 1 How to Evaluate Safety Programs; Chapter 2 Meters and Monitors; Chapter 3 General Safety Practices; Chapter 4 Safe Use of Equipment; Chapter 5 Electrical Safety; Chapter 6 Worker Safety Rules; Chapter 7 Recordkeeping, Training and Inspections, Accident Investigation and Reporting; Chapter 8 Risk and Vulnerability Assessments; Appendix A Chemical Exposure Tables; Appendix B Forms; Index 330 $aA valuable and comprehensive safety reference for any organization working with or around electricity. This comprehensive guide informs working professionals in multiple industries, such as manufacturing, processing, or energy, about safety procedures that should be used on the job. It informs the reader about the hazards in the work place and what to do to make sure he/she is protected. The Handbook of International Electrical Safety Practices presents readers with the proper organizational skills needed to avoid hazardous injuries, details environmental monitoring technique 410 0$aWiley-Scrivener 517 3 $aInternational electrical safety practices 606 $aElectrical engineering$xSafety measures$vHandbooks, manuals, etc 606 $aElectricity$xSafety measures$vHandbooks, manuals, etc 615 0$aElectrical engineering$xSafety measures 615 0$aElectricity$xSafety measures 676 $a621.319240218 712 02$aPrinceton Energy Resources International. 801 0$bMiAaPQ 801 1$bMiAaPQ 801 2$bMiAaPQ 906 $aBOOK 912 $a9910821146203321 996 $aHandbook of International electrical safety practices$94018856 997 $aUNINA LEADER 05794nam 2200829 a 450 001 9910811787303321 005 20240313121343.0 010 $a9781118517994 010 $a1118517997 010 $a9781283950084 010 $a1283950081 010 $a9781118518007 010 $a1118518004 010 $a9781118517987 010 $a1118517989 035 $a(CKB)2670000000315560 035 $a(EBL)1108694 035 $a(OCoLC)823719333 035 $a(SSID)ssj0000804019 035 $a(PQKBManifestationID)11487161 035 $a(PQKBTitleCode)TC0000804019 035 $a(PQKBWorkID)10813785 035 $a(PQKB)10171957 035 $a(MiAaPQ)EBC1108694 035 $a(Au-PeEL)EBL1108694 035 $a(CaPaEBR)ebr10644017 035 $a(CaONFJC)MIL426258 035 $a(PPN)183846672 035 $a(OCoLC)812249650 035 $a(FINmELB)ELB178174 035 $a(Perlego)1000971 035 $a(EXLCZ)992670000000315560 100 $a20121121d2013 uy 0 101 0 $aeng 135 $aurcn||||||||| 181 $ctxt 182 $cc 183 $acr 200 00$aImproving water and nutrient-use efficiency in food production systems /$feditor, Zed Rengel 205 $a1st ed. 210 $aAmes, Iowa $cJohn Wiley & Sons, Inc.$d2013 215 $a1 online resource (323 p.) 300 $aDescription based upon print version of record. 311 08$a9780813819891 311 08$a081381989X 320 $aIncludes bibliographical references and index. 327 $aImproving Water and Nutrient-Use Efficiency in Food Production Systems; Copyright; Contents; Contributors; Preface; 1 Current State and Future Potential of Global Food Production and Consumption; Introduction; Global Food Production; Agricultural Land Expansion; Productivity Growth; Climate Change; Global Food Consumption; Water- and Nutrient-Use Efficiency in Agricultural Production; Conclusions; References; 2 Water Resources and Global Change; Introduction; Observed Global Trends in Precipitation and Temperature; Future Trends in Precipitation and Temperature 327 $aFuture Trends in Water Availability Runoff; Soil Water Storage; Consequences for Agricultural Production; Uncertainties in Climate Change Projections; References; 3 Translating Water into Food: How Water Cycles in Natural and Agricultural Landscapes; Introduction; Physical Basis of Water Cycling; Water Needs for Food Production; Water Fluxes in Agricultural Landscape; Vertical Water Vapor Flux; Vertical Soil Water Flux; Horizontal Water Vapor Flux; Impact of Landscape Structure on Water Cycling; Improvement of Water Management in Agricultural Landscapes; Introduction of Shelterbelts 327 $aRestoration of Small Midfield Ponds Improving Soil Water Retention and Hydraulic Properties; Conclusions; References; 4 Nutrients as Limited Resources: Global Trends in Fertilizer Production and Use; Fertilizer Consumption; Evolution of Global and Regional Fertilizer Consumption since the 1960's; Evolution of the Product Mix and Organic Resources Recycling; Current Situation; Medium-Term Outlook for World and Regional Fertilizer Demand; Long-Term Projections for World Fertilizer Demand; Fertilizer Supply; Evolution of Production and Trade at the Global and Regional Levels since the 1960's 327 $aCurrent Situation Fertilizer Industry's Investment Climate and Capacity Developments; Medium-Term Outlook for World Fertilizer Supply and Supply-and-Demand Balances; Resource Management; Industrial Nitrogen; Phosphate Rock; Potash Ore; Challenges Facing the Fertilizer Industry; Nutrient-Use Efficiency; Developing and Delivering Fertilizer Best Management Practices; References; 5 The Flow of Phosphorus in Food Production and Consumption Systems; The Use of Phosphorus in Global Food Production; Key Challenges: Scarcity and Pollution; Phosphorus as a Scarce Global Resource 327 $aPhosphorus as a Pollutant Sustainable Pathways for Future Phosphorus Flows; Regional Example 1: Australia; Regional Example 2: Sweden; The Road Ahead; References; 6 Matching Soil Nutrient Supply and Crop Demand during the Growing Season; Introduction; Soil Supply of Nutrients; Principles Governing Soil Nutrient Supply; Availability of Nutrients to Plants; Crop Nutrient Demand; Demand for Phloem-Mobile Nutrients; Demand for Phloem-Immobile Nutrients; Amount of Nutrient Required; Matching Supply to Demand; Supply and Demand in Fertilizer Recommendation Systems 327 $aPositional Unavailability of Soil-Immobile Nutrients 330 $aImproving Water and Nutrient Use Efficiency in Food Production Systems provides professionals, students, and policy makers with an in-depth view of various aspects of water and nutrient us in crop production. The book covers topics related to global economic, political, and social issues related to food production and distribution, describes various strategies and mechanisms that increase water and nutrient use efficiency, and review te curren situation and potential improvements in major food-producing systems on each continent. The book also deals with problems experienced 606 $aCrops$xWater requirements 606 $aCrops$xNutrition 606 $aWater conservation 606 $aFertilizers 606 $aPlant nutrients 615 0$aCrops$xWater requirements. 615 0$aCrops$xNutrition. 615 0$aWater conservation. 615 0$aFertilizers. 615 0$aPlant nutrients. 676 $a631.5/82 701 $aRengel$b Zdenko$01609196 801 0$bMiAaPQ 801 1$bMiAaPQ 801 2$bMiAaPQ 906 $aBOOK 912 $a9910811787303321 996 $aImproving water and nutrient-use efficiency in food production systems$93936322 997 $aUNINA